| 000 | 01075nam a2200265Ia 4500 | ||
|---|---|---|---|
| 003 | IN-BaIIA | ||
| 008 | 211028s9999 xx 000 0 eng d | ||
| 020 | _a0-87590-026-7 | ||
| 040 | _cIIA Library | ||
| 080 |
_a523.942-352 _bRUS |
||
| 111 |
_aAmerican Geophysical Union Chapman Conference _cBermuda _d1989 Mar. 27-31 _917555 |
||
| 245 | 0 |
_aPhysics of magnetic flux ropes _bAmerican geophysical union chapman conference on the physics of magnetic flux ropes held in Hamilton, Bermuda, 27-31 Mar 1989 _cedited by C. T. Russell, E. R. Priest and L. C. Lee |
|
| 260 |
_aWashington _bAmerican Geophysical Union _c1990 |
||
| 300 | _alxvi, 685p. | ||
| 490 | _aGeophysical monograph; 58 | ||
| 650 | _aAstronomy and astrophysics thesaurus | ||
| 650 |
_aAstrophysics _9794 |
||
| 650 |
_aMagnetic flux _917006 |
||
| 650 |
_aSolar photosphere _915876 |
||
| 700 |
_aLee, L. C. ed. _917556 |
||
| 700 |
_aPriest, E. R., ed. _914972 |
||
| 700 |
_aRussell, C. T., ed. _917557 |
||
| 710 |
_aAmerican geophysical union _93632 |
||
| 942 | _cBK | ||
| 999 |
_c10329 _d10329 |
||